000 00448nam a2200157 i 4500
001 49464
003 ES-MaACL
005 20230906161953.0
007 t|
008 030716s1952 sp ||||1| spa d
100 0 _aCossío, Francisco de.
_941014
245 1 0 _aCincuenta años
_b: novela /
_cFrancisco de Cossío.
260 _aMadrid :
_bBiblioteca Nueva,
_c1952 (
_fClemares)
300 _a334 p. ;
_c20 cm.
852 _aES-MaACL
_jD-9072
_bR.33328
999 _c49464
_d49464